Ganadores del Balón de Oro - Estadísticas

Estadísticas generales
  • Esta prueba ha sido intentada 654 veces
  • La puntuación promedio es 22 de 44
Estadísticas de respuestas
País Futbolista % Correcto
Argentina Messi
98%
Portugal Cristiano Ronaldo
96%
Brasil Ronaldo
96%
Croacia Modric
91%
Brasil Ronaldinho
86%
Francia Zidane
82%
Brasil Kaká
81%
Italia Cannavaro
78%
Unión Soviética Yashin
74%
Portugal Figo
71%
República Checa Nedved
69%
Inglaterra Owen
69%
Ucrania Shevchenko
68%
Países Bajos Cruyff
67%
Portugal Eusebio
67%
Países Bajos Van Basten
64%
Francia Platini
63%
Liberia Weah
63%
Irlanda del Norte Best
61%
Brasil Rivaldo
61%
Argentina Di Stéfano
60%
Países Bajos Gullit
59%
R.F.A. Beckenbauer
54%
Italia Baggio
53%
España Suárez
50%
R.F.A. Müller
48%
Bulgaria Stoichkov
48%
Alemania Mätthaus
46%
Inglaterra Charlton
39%
Italia Rossi
31%
Francia Kopa
27%
Francia Papin
26%
Alemania Sammer
25%
Inglaterra Matthews
23%
R.F.A. Rummenigge
21%
Argentina Sívori
20%
Escocia Law
18%
Inglaterra Keegan
17%
Italia Rivera
17%
Checoslovaquia Masopust
13%
Hungría Albert
12%
Dinamarca Simonsen
12%
Unión Soviética Belanov
11%
Unión Soviética Blokhin
10%
No se encontraron pruebas coincidentes
Distribución de puntuación
Porcentaje de gente con cada puntuación
Porcentaje por número respondido
Historial de tus puntuaciones
No has intentado esta prueba.